| Tag |
First Indicator |
Second Indicator |
Subfields |
| LEADER |
00000cas a2200000 a 4500 |
| 001 |
in00002783086 |
| 005 |
20220106091309.0 |
| 006 |
m | d f |
| 007 |
cr mn||||||||| |
| 008 |
120408d19992010dcuar o f0 0eng c |
| 010 |
|
|
|a 2012230808
|
| 035 |
|
|
|a (OCoLC)ocn784652650
|
| 040 |
|
|
|a OCLCE
|b eng
|c OCLCE
|d GPO
|d MvI
|d UtOrBLW
|
| 042 |
|
|
|a pcc
|a dlr
|
| 043 |
|
|
|a n-us---
|
| 049 |
|
|
|a WWW
|
| 074 |
|
|
|a 0831-B-16 (online)
|
| 086 |
0 |
|
|a NF 2.15:
|
| 245 |
0 |
0 |
|a Grants to organizations /
|c National Endowment for the Arts.
|
| 264 |
|
1 |
|a Washington, DC :
|b National Endowment for the Arts,
|c 1997-
|
| 300 |
|
|
|a 1 online resource
|
| 310 |
|
|
|a Annual
|
| 336 |
|
|
|a text
|b txt
|2 rdacontent
|
| 337 |
|
|
|a computer
|b c
|2 rdamedia
|
| 338 |
|
|
|a online resource
|b cr
|2 rdacarrier
|
| 362 |
0 |
|
|a Print began with: FY1999.
|
| 362 |
1 |
|
|a Ceased publication in 2010?
|
| 500 |
|
|
|a Title from title screen.
|
| 588 |
|
|
|a Description based on print version record.
|
| 588 |
|
|
|a Latest issue consulted: 2010.
|
| 580 |
|
|
|a Formed by the merger of many NEA application guidelines publications.
|
| 580 |
|
|
|a Continued by an online integrating resource with title: Grants.
|
| 500 |
|
|
|a Electronic resource.
|
| 610 |
2 |
0 |
|a National Endowment for the Arts
|v Periodicals.
|
| 650 |
|
0 |
|a Arts
|x Scholarships, fellowships, etc.
|z United States
|v Periodicals.
|
| 650 |
|
0 |
|a Federal aid to the arts
|z United States
|v Periodicals.
|
| 710 |
2 |
|
|a National Endowment for the Arts.
|
| 776 |
0 |
8 |
|i Print version:
|t Grants to organizations
|w (DLC)sn 98038076
|w (OCoLC)38537238
|
| 785 |
1 |
0 |
|t Grants
|w (DLC) 2012230809
|w (OCoLC)815948837
|
| 856 |
4 |
0 |
|3 Final version
|u https://purl.fdlp.gov/GPO/LPS144
|t 0
|
| 999 |
|
|
|a MARS
|
| 999 |
f |
f |
|s 94796faf-b5c0-3a4c-b17b-0aa7cafed9a7
|i 98dcf18e-0c3a-3565-a234-2c9c8f418e6e
|t 0
|
| 952 |
f |
f |
|a Texas A&M University
|b College Station
|c Electronic Resources
|d Available Online
|t 0
|e NF 2.15:
|h Superintendent of Documents classification
|
| 998 |
f |
f |
|a NF 2.15:
|t 0
|l Available Online
|